[Event "Hamburg St Pauli op-B"]
[Site "Hamburg"]
[Date "2014.07.25"]
[Round "7"]
[White "Schwerdtfeger, Wolfgang"]
[Black "Cornels, Max"]
[Result "0-1"]
[WhiteElo "1812"]
[BlackElo "1675"]
[PlyCount "78"]
[EventDate "2014.07.19"]
[EventType "swiss"]
[EventRounds "9"]
[EventCountry "GER"]
[SourceTitle "CBM 161 Extra"]
[Source "ChessBase"]
[SourceDate "2014.08.29"]
[SourceVersion "1"]
[SourceVersionDate "2014.08.29"]
[SourceQuality "1"]

1. c4 Nf6 2. Nc3 e5 3. g3 Nc6 4. Bg2 Bc5 5. Ne4 Nxe4 6. Bxe4 Nd4 7. e3 Ne6 8. Nh3 c6 9. Qa4 0-0 10. b4 Be7 11. Bb2 d5 12. cxd5 cxd5 13. Bg2 Bf6 14. 0-0 Nc7 15. d4 e4 16. Nf4 g5 17. Nh5 Be7 18. f3 Qd6 19. a3 f5 20. fxe4 fxe4 21. Rxf8+ Bxf8 22. Qd1 Qg6 23. Qe2 Bd7 24. g4 Bd6 25. Rc1 Qe6 26. Bc3 Rf8 27. h3 Ne8 28. Be1 Nf6 29. Ng3 Ne8 30. Nf5 Bb8 31. Bg3 Nd6 32. Bxd6 Bxd6 33. Qa2 Rf6 34. Nxd6 Qxd6 35. Bxe4 Qg3+ 36. Bg2 Qxe3+ 37. Kh2 Qf4+ 38. Kg1 Qxc1+ 39. Kh2 Qf4+ 0-1